| 000 | 00699nam a22002297a 4500 | ||
|---|---|---|---|
| 999 |
_c14413 _d14413 |
||
| 003 | AR-CdUCM | ||
| 008 | 190423b ||||| |||| 00| 0 spa d | ||
| 020 | _a978-84-9101-193-4 | ||
| 040 |
_aMUNICIPALIDAD PROVINCIAL DEL CUSCO _cBIBLIOTECA MUNICIPAL DEL CUSCO |
||
| 041 | _heng | ||
| 082 |
_aPI / 376.1 / _bH71 |
||
| 110 |
_aCombel _932671 |
||
| 245 |
_aPuzles moviles : _bEn el bosque / |
||
| 260 |
_aBarcelona : _bCombel editorial, _c2015. |
||
| 300 |
_bilustraciones, graficos, dibujos, _c16 cm. |
||
| 500 | _aRompecabezas para niños | ||
| 650 |
_aNiños _99390 |
||
| 650 |
_aRompecabezas _933171 |
||
| 700 |
_aHoltreter, Nastja _933172 |
||
| 942 |
_2ddc _cLIBROS |
||
| 945 |
_apjha _d2019-04-23 |
||